The Role of NGOs and Trade Unions in Combating Discrimination

I tiakina i:
Ngā taipitopito rārangi puna kōrero
Kaituhi rangatōpū: Commissione Europea
Hōputu: Pukapuka
Reo:Ingarihi
I whakaputaina: 2009
Ngā Tūtohu: Tāpirihia he Tūtohu
Kāore He Tūtohu, Me noho koe te mea tuatahi ki te tūtohu i tēnei pūkete!

MARC

LEADER 00000nam a2200000 4500
005 20240605192016.0
008 240605b |||||||| |||| 00| 0 eng d
020 |a 9789279131578 
040 |c GP 
110 |a Commissione Europea 
245 |a The Role of NGOs and Trade Unions in Combating Discrimination 
260 |c 2009 
942 |2 ddc  |c BK  |n 0 
952 |0 0  |1 0  |2 ddc  |4 0  |6 323_400000000000000_EUR  |7 1  |9 1371  |a RM  |b RM  |d 2024-06-05  |l 0  |o 323.40 EUR  |p 208  |r 2024-06-05 19:20:32  |w 2024-06-05  |y BK 
999 |c 1261  |d 1261